Quizzes
Events
Quiz Creation
Community
Videos
Private Events
Remove Ads
Sign In
Join for FREE
Feedback
Dark Mode
Quiz Categories
Sports
Geography
Music
Movies
Television
Just For Fun
Miscellaneous
History
Literature
Language
Science
Gaming
Entertainment
Religion
Holiday
For Kids
Quiz Lab
Recent
Popular Today
Quiz Kudos Today
Editor Picks
Curator Picks
Quizzes by...
Day
Popularity
Type
Ratings
Length
Year
Community
Subscriptions
Recent Discussions
Orange Saloon
Badges
Playlists
Quests
Create
Leaderboards
Showdown
Live 5
Trivia Bingo
Activity
Puzzle Library
Sporcle Events
Private Events
Virtual Trivia
Globe League
Become a Host
Pub Owners
SporcleCon
Opinionation
Our Games
Videos
Blog
Mobile Apps
Partnerships
Remove Ads and Go Orange
Feedback
Geography
Country
Landmarks
City
State
Population
World
Capital
Continent
Flags
Europe
Africa
Asia
South America
North America
Oceania
Border
Canada
United Kingdom
Topography
United States
Geography
Country
Landmarks
City
State
Population
World
Capital
Continent
Flags
Europe
Africa
Asia
South America
North America
Oceania
Border
Canada
United Kingdom
Topography
United States
Random Quiz
Search Sporcle
×
Quiz Lab
Quiz Lab
Geography
Country
Type in answers that appear in a list
Type in answers that appear in a list
Classic
Best Score? Go Orange.
Air Canada Destinations Stats
Can you name the Air Canada Destinations?
By
McMurdie24
15m
174 Questions
366 Plays
366 Plays
366 Plays
Comments
Comments
Give Quiz Kudos
Give Quiz Kudos
-
- Ratings
hide this ad
More Info
Replay
Link that replays current quiz
Next Quiz
Link to next quiz in quiz playlist
You Got
0%
They Got
Avg Score
55%
Avg Friend Score
Upgrade to see
Score Distribution
Jump to the score distribution portion of the page
Score
0/174
Timer
15:00
0
Plays Today
Destination
% Correct
London Heathrow Airport
92.6%
London International Airport
92.6%
Vancouver International Airport
91.3%
Billy Bishop Toronto City Airport
90.4%
Toronto-Pearson International Airport
90.4%
John F. Kennedy International Airport
89.3%
LaGuardia Airport
89.3%
Montreal-Pierre Elliot Trudeau International Airport
88.3%
Beijing Capital International Airport
87.2%
Calgary International Airport
86.9%
Dallas Fort Worth International Airport
86.9%
Athens International Airport
86.6%
Los Angeles International Airport
86.3%
George Bush Intercontinental Airport
85.2%
Edmonton International Airport
85%
Miami International Airport
85%
Paris-Charles de Gaulle Airport
85%
Norman Manley International Airport
84.7%
Kingston Norman Rogers Airport
84.7%
Leonardo da Vinci-Fiumicino Airport
84.7%
Baltimore-Washington International Thurgood Marshall Airport
84.4%
Barajas Airport
83.9%
Logan International Airport
83.1%
Chicago O'Hare International Airport
82.8%
Seattle-Tacoma International Airport
82.8%
Mexico City International Airport
82.5%
San Francisco International Airport
82%
Hartsfield-Jackson Atlanta International Airport
81.7%
Barcelona Airport
81.4%
Halifax Stanfield International Airport
81.4%
Denver International Airport
80.6%
Sydney Kingsford Smith Airport
80.6%
Sydney J.A. Douglas McCurdy Airport
80.6%
Jose Marti International Airport
80.3%
Ottawa McDonald-Cartier International Airport
80.1%
Juan Santamaria International Airport
79.5%
Ronald Reagan Washington National Airport
79.2%
Charlotte Douglas International Airport
79.2%
Winnipeg James Armstrong Richardson International Airport
79.2%
Frankfurt Airport
79%
Cancun International Airport
77.9%
Tokyo-Narita International Airport
77.6%
Detroit Metropolitan Wayne County Airport
77%
Shanghai Pudong International Airport
77%
Orlando International Airport
76.2%
San Diego International Airport
76.2%
Hong Kong International Airport
76%
Istanbul Ataturk Airport
76%
Seoul-Incheon International Airport
75.7%
Zurich Airport
75.7%
Saint John Airport
75.1%
Sky Harbor International Airport
74.9%
Dublin Airport
74.6%
Portland International Airport
73.8%
Brussels Airport
73.5%
McCarran International Airport
73.5%
Minneapolis-St. Paul International Airport
73.2%
Newark Liberty International Airport
73.2%
Destination
% Correct
Copenhagen Airport
72.7%
Philadelphia International Airport
72.7%
Quebec Jean Lesage International Airport
71.9%
Jorge Chavez International Airport
71.6%
Saskatoon John G. Diefenbaker International Airport
71.6%
Regina International Airport
71.3%
VC Bird International Airport
71.3%
St. John's International Airport
71.3%
Sao Paulo-Guarulhos International Airport
71.3%
Victoria International Airport
71.3%
Tampa International Airport
71%
Comodoro Arturo Merino Benitez Airport
70.2%
Munich Airport
69.4%
Ministro Pistarini International Airport
68.6%
Lynden Pindling International Airport
68.3%
Bolivar Simon International Airport
67.5%
Geneva International Airport
67.5%
El Dorado International Airport
67.2%
Yellowknife Airport
66.1%
Louis Armstrong International Airport
65.8%
Honolulu International Airport
65.3%
Pittsburgh International Airport
65.3%
Ben Gurion International Airport
65%
Bermuda International Airport
64.5%
Cleveland Hopkins International Airport
63.7%
Nashville International Airport
63.7%
Lambert Saint Louis International Airport
62.8%
Thunder Bay International Airport
61.5%
Port Columbus International Airport
60.7%
Toussaint Louverture International Airport
60.7%
Erik Nielsen Whitehorse International Airport
59.8%
Cincinnati Northern Kentucky International Airport
59.3%
Kansas City International Airport
58.2%
Grantley Adams International Airport
57.9%
Indianapolis International Airport
57.7%
Greater Moncton International Airport
57.7%
Sangster International Airport
57.7%
Punta Cana International Airport
57.7%
Ted Stevens Anchorage International Airport
57.4%
General Mitchell International Airport
54.9%
Raleigh-Durham International Airport
54.9%
Charlottetown Airport
54.6%
Windsor Airport
54.4%
Fort Lauderdale-Hollywood International Airport
53.3%
Kelowna International Airport
52.5%
Fredericton International Airport
51.9%
Queen Beatrix International Airport
51.4%
Luis Munoz Marin International Airport
50%
Albany International Airport
48.9%
Maurice Bishop International Airport
47%
Bradley International Airport
45.6%
Fort McMurray Airport
45.1%
Greater Rochester International Airport
44%
Gregorio Luperon International Airport
42.9%
Kamloops Airport
42.6%
Juan Gualberto Gomez Airport
41.8%
Daniel Oduber International Airport
41.5%
Prince George Airport
41.5%
Destination
% Correct
Southwest Florida International Airport
40.2%
Hato International Airport
39.6%
Owen Roberts International Airport
39.6%
Princess Juliana International Airport
39.6%
Richmond International Airport
39.6%
Greater Sudbury Airport
39.3%
Cozumel International Airport
38.5%
Syracuse Hancock International Airport
38.3%
Robert L. Bradshaw International Airport
37.7%
Gander International Airport
36.6%
Exuma International Airport
36.6%
Prince Rupert Airport
36.1%
Palm Beach International Airport
35.5%
Sault Ste. Marie Airport
34.4%
Frank Pais Airport
33.6%
Timmins Victor M. Power Airport
33.6%
Aime Cesaire International Airport
33.3%
Sarnia Chris Hadfield Airport
33.3%
Lethbridge County Airport
31.1%
North Bay Jack Garland Airport
30.9%
Ixtapa-Zihuatanejo International Airport
30.1%
Jardines del Ray Airport
29.8%
Kona International Airport at Keahole
29.2%
Medicine Hat Airport
29.2%
Pointe-a-Pitre International Airport
29.2%
Providenciales International Airport
28.4%
Kahului Airport
28.1%
La Romana International Airport
27.6%
Nanaimo Airport
26.8%
Gerald R. Ford International Airport
26.5%
Deer Lake Regional Airport
26.2%
Sarasota-Bradenton International Airport
26%
Los Cabos International Airport
24.9%
Abel Santa Maria Airport
23.8%
Goose Bay Airport
23%
Hewnorra International Airport
22.4%
Grande Prairie Airport
22.1%
Harrisburg International Airport
21.3%
Bathurst Airport
20.5%
Samana El Catay International Airport
19.9%
Bagotville Airport
19.1%
Fort St. John Airport
18.9%
Baie-Comeau Airport
18.6%
Val d'Or Airport
18.3%
Wabush Airport
18%
Cranbrook Canadian Rockies International Airport
17.8%
West Kootenay Regional Airport
17.5%
Michel-Pouliot Gaspe Airport
17.2%
Bahias de Huatulco International Airport
16.4%
Sept-Iles Airport
16.4%
Penticton Regional Airport
16.1%
Northwest Regional Airport
15.8%
Vilo Acuna Airport
15.3%
Smithers Airport
14.2%
Mont-Joli Airport
13.9%
Rouyn-Noranda Airport
13.9%
Sandspit Airport
12.8%
Iles-de-la-Madeleine Airport
5.5%
Quiz Playlist
Details
Report
Send in Message
Add To Playlist
More Info:
Includes Air Canada Express Destinations. * means overseas territory. City/town/overseas territory name with airport are the only things accepted.
Classic:
Type in answers that appear in a list
Last Updated: Feb 16, 2017
Quiz Scoreboard
CHALLENGE
Sign Up to Join the Scoreboard
Show All
Scores
Hide
Comments
May contain spoilers
Recently Published
College Basketball Coaching Resumes
by pancakes188
Sports
9m
Billboard Blitz: Fleetwood Mac
by CooCooCachoo
Music
15s
Presidents Visiting Landmarks
by Hejman
History
7m
More to Explore
Quiz From the Vault
Featured Blog Post
Where Did the Easter Bunny Come From?
hide this ad
You Might Also Like...
Tags
Canada Quiz
Country Quiz
Air
destination
Today's Top Quizzes in Geography
Browse Geography
hide this ad
Today's Top Quizzes in Country
Browse Country
Top Contributed Quizzes in Geography
1
Countries of the World - No Outlines Minefield
2
Top 25 Cities of France on a map
3
Any capital of a 'B' country per Continent
4
Any capital of a 'C' country per Continent
5
Closest Countries to UK A-Z
6
Any capital of a 'D' country per Continent
7
5-to-1: US Geography No Hints
8
Any capital of an 'E' country per Continent
9
One Thing in Common: United Kingdom
10
Click the Alabama Counties! (Map)
Explore More
Trending Topics
NBA
Disney
Crossword
Harry Potter
Marvel
Kpop
Anime
The Office
Puzzle
Pokémon
Song
Soccer
Country
NFL
WWE
hide this ad
More By:
McMurdie24
Quiz
Plays
Rating
Category
Featured
Created
Most Popular Destinations From JFK International
656
3.83
Geography
Mar 24, 2013
Air Canada Destinations
366
4.25
Geography
Mar 21, 2013
Toronto Pearson Airport Destinations (Canada)
344
4.00
Geography
Nov 6, 2012
Toronto Pearson Airport Destinations (USA)
320
4.00
Geography
Nov 6, 2012
World's Safest and Most Dangerous Airlines
212
2.00
Geography
May 25, 2013
Go to Creator's Profile
Score Distribution
Quiz Creator Spotlight
McMurdie24
Follow
Send a Message
Quizzes Created
-
Created Quiz Play Count
-
More By This Creator
Popular Quizzes Today
1
Find the US States - No Outlines Minefield
2
Find the Countries of Europe - No Outlines Minefield
3
The Countries of the World
4
Find the US States
5
Risky Map Clicking: Biggest States A-Z
6
US States
7
Popular People in 1961
8
Movies - When Are They Set?
More Geography Quizzes
Capital Cities: After L
Published
Trending Quizzes
Risky Map Clicking: Least Populous States A-Z
1-10 Letter G Words
1-10 Letter F Words
Risky Map Clicking: Next State Alphabetically
Click the Washington State Counties! (Map)
Recently Updated
Leaping Animals
pecheneg
Reality TV Shows (A-Z)
bhenderson79
Rickey Henderson's Hall of Fame Teammates
pecheneg
Champions League XIs: Arsenal
pecheneg
Quick Pick: Celebrities in WWE's Hall of Fame
aduchscher
A-Z Keypad Blitz II
pecheneg
Multiple Oscar Actors
pecheneg
Mystery Phrase Blitz: Oscar 'Best Actors'
pecheneg
F. Scott Fitzgerald Novels
LTH
Pick 3 Villains
ddd62291
Trending Topics
Kpop
Harry Potter
Crossword
Anime
Marvel
Disney
NBA
Soccer
WWE
Puzzle
Country
NFL
Song
Pokémon
The Office
Your Account Isn't Verified!
In order to create a playlist on Sporcle, you need to verify the email address you used during registration. Go to your
Sporcle Settings
to finish the process.
Report this User
Report this user for behavior that violates our
Community Guidelines
.
Details:
Send Report
Go to the Sporcle.com Mobile Site →
Comments